[Event "SWE-chT 2324 Elite"]
[Site "Sweden"]
[Date "2023.10.14"]
[Round "2.5"]
[White "Seo, Jung Min"]
[Black "Thornert, Hakan"]
[Result "1-0"]
[WhiteElo "2466"]
[BlackElo "2157"]
[PlyCount "97"]
[EventDate "2023.10.13"]
[EventType "team-tourn"]
[EventRounds "9"]
[EventCountry "SWE"]
[SourceTitle "Mega2024 Update 01"]
[Source "Chessbase"]
[SourceDate "2023.11.12"]
[SourceVersion "1"]
[SourceVersionDate "2023.11.12"]
[SourceQuality "1"]
[WhiteTeam "Stockholm Rockaden"]
[BlackTeam "Eksjo"]
[WhiteTeamCountry "SWE"]
[BlackTeamCountry "SWE"]

1. d4 Nf6 2. c4 g6 3. Nc3 d5 4. cxd5 Nxd5 5. e4 Nxc3 6. bxc3 Bg7 7. Qa4+ Nd7 8. Nf3 0-0 9. Qa3 c5 10. Bd3 cxd4 11. cxd4 Nb6 12. Bg5 Re8 13. 0-0 Qd6 14. Qxd6 exd6 15. Rac1 Bg4 16. Rc7 Bxf3 17. gxf3 Bxd4 18. Rxb7 Reb8 19. Rc7 Rc8 20. Rfc1 Bc5 21. Rb7 Rab8 22. Rxb8 Rxb8 23. Bf4 Nd7 24. Rc2 Kf8 25. Kg2 Ke7 26. a4 Rb4 27. a5 f6 28. Bd2 Rb8 29. f4 Kd8 30. Kf3 Bb4 31. Bxb4 Rxb4 32. Rc6 Ra4 33. Rxd6 Rxa5 34. Bc4 Ra3+ 35. Ke2 Kc7 36. Re6 Rh3 37. Bb5 Nb6 38. Rc6+ Kd8 39. Rxf6 Rxh2 40. Rf7 Rh5 41. e5 Rf5 42. Rxa7 Rxf4 43. Rb7 Re4+ 44. Kd3 Na4 45. Rd7+ Kc8 46. Rd5 Rf4 47. e6 Nb2+ 48. Kc3 Nd1+ 49. Rxd1 1-0

[Event "SWE-chT Lag SM"]
[Site "Stockholm"]
[Date "2021.10.22"]
[Round "1.1"]
[White "Lissang, Christopher"]
[Black "Thornert, Hakan"]
[Result "1-0"]
[WhiteElo "2342"]
[BlackElo "2164"]
[PlyCount "119"]
[EventDate "2021.10.22"]
[EventType "team-tourn"]
[EventRounds "3"]
[EventCountry "SWE"]
[SourceTitle "CBM 204 Extra"]
[Source "ChessBase"]
[SourceDate "2021.11.30"]
[SourceVersion "1"]
[SourceVersionDate "2021.11.30"]
[SourceQuality "1"]
[WhiteTeam "Stockholm SS"]
[BlackTeam "Eksjo"]
[WhiteTeamCountry "SWE"]
[BlackTeamCountry "SWE"]

1. c4 e5 2. Nc3 Nf6 3. Nf3 Nc6 4. e4 Bc5 5. Nxe5 Nxe5 6. d4 Bb4 7. dxe5 Nxe4 8. Qf3 Nxc3 9. bxc3 Be7 10. Qg3 Kf8 11. Bf4 d6 12. Rd1 Qe8 13. Be2 Be6 14. exd6 Bxd6 15. Bxd6+ cxd6 16. Qxd6+ Kg8 17. 0-0 h5 18. Rfe1 Rh6 19. Bf3 Qc8 20. Qe7 Rb8 21. Rd4 Qf8 22. Qh4 b6 23. Red1 Rf6 24. Qxh5 Qe7 25. Be4 Rh6 26. Qe5 Re8 27. h3 Kf8 28. Bc6 Rc8 29. Bb5 Rg6 30. Qh5 Qg5 31. Qxg5 Rxg5 32. Rd8+ Ke7 33. Rxc8 Bxc8 34. Kf1 Rc5 35. Rd4 Be6 36. g4 g5 37. Kg2 Kf6 38. a4 Ke7 39. Kg3 Bc8 40. Rd5 Rc7 41. c5 Rxc5 42. Rxc5 bxc5 43. f4 f6 44. h4 gxh4+ 45. Kxh4 Kf7 46. f5 Kg7 47. Kh5 a5 48. Bd3 Bd7 49. Bb5 Bc8 50. Bc6 Ba6 51. g5 fxg5 52. Kxg5 Bd3 53. f6+ Kf8 54. Kf4 Bc2 55. Ke5 Kf7 56. Kd6 c4 57. Kc5 Bb3 58. Kb6 Kxf6 59. Kxa5 Ke5 60. Kb6 1-0

[Event "SWE-chT 1920 Elite"]
[Site "Sweden"]
[Date "2020.10.18"]
[Round "7.4"]
[White "Carlsson, Ludvig"]
[Black "Thornert, Hakan"]
[Result "1/2-1/2"]
[WhiteElo "2066"]
[BlackElo "2183"]
[PlyCount "156"]
[EventDate "2019.10.18"]
[EventType "team-tourn"]
[EventRounds "9"]
[EventCountry "SWE"]
[SourceTitle "EXT 2022"]
[Source "ChessBase"]
[SourceDate "2021.10.06"]
[SourceVersion "1"]
[SourceVersionDate "2021.10.06"]
[SourceQuality "1"]
[WhiteTeam "Vasteras"]
[BlackTeam "Eksjo"]
[WhiteTeamCountry "SWE"]
[BlackTeamCountry "SWE"]

1. d4 Nf6 2. c4 g6 3. Nf3 Bg7 4. Nc3 d5 5. Bf4 0-0 6. e3 c5 7. dxc5 Qa5 8. Rc1 Rd8 9. Qa4 Qxc5 10. b4 Qc6 11. b5 Qc5 12. Qb3 Be6 13. Nd4 Nbd7 14. Nxe6 fxe6 15. Na4 Qc8 16. c5 Ne4 17. Qa3 e5 18. Bg3 Qc7 19. Qb4 Rac8 20. c6 e6 21. Bd3 Bf8 22. Qb2 Qa5+ 23. Ke2 Qxa4 24. cxd7 Rxc1 25. Rxc1 Nxg3+ 26. hxg3 e4 27. Bb1 Rxd7 28. Qb3 Qxb3 29. axb3 Kf7 30. Rc8 Bd6 31. g4 Rc7 32. Rxc7+ Bxc7 33. f3 exf3+ 34. Kxf3 Kf6 35. Bd3 Ke5 36. Ke2 Kd6 37. Kd2 Kc5 38. Kc3 Be5+ 39. Kc2 Kb4 40. Be2 Bg3 41. Bd3 Bf2 42. e4 Kc5 43. exd5 exd5 44. Be2 Kd4 45. Bf3 b6 46. Kd2 Bg3 47. Kc2 Bf4 48. Kd1 Kc5 49. Be2 Kd4 50. Bf3 Bd6 51. Kc2 Bc5 52. Kd2 Ke5 53. Kd3 Bg1 54. Ke2 d4 55. Kf1 Be3 56. Ke2 Kf4 57. Kd3 Kg3 58. Ke2 Bc1 59. Kd3 Bb2 60. Ke2 Bc3 61. Kd3 Kf2 62. Bd5 Kg3 63. Bf3 Kf4 64. Ke2 Ke5 65. Kd3 Kd6 66. Kc4 Ba1 67. Be2 Ke5 68. Bf3 Kf4 69. Kd3 Bc3 70. Ke2 Kg3 71. Kd3 Kf4 72. Ke2 Ke5 73. Bb7 Kf4 74. Bf3 Ba1 75. Kd3 Bc3 76. Ke2 Ba1 77. Kd3 Bc3 78. Ke2 Ba1 1/2-1/2

[Event "SWE-chT 1920 Elite"]
[Site "Sweden"]
[Date "2019.10.18"]
[Round "1.3"]
[White "Arman, Deniz"]
[Black "Thornert, Hakan"]
[Result "1-0"]
[WhiteElo "2333"]
[BlackElo "2183"]
[PlyCount "71"]
[EventDate "2019.10.18"]
[EventType "team-tourn"]
[EventRounds "9"]
[EventCountry "SWE"]
[SourceTitle "CBM 192 Extra"]
[Source "Chessbase"]
[SourceDate "2019.11.06"]
[SourceVersion "1"]
[SourceVersionDate "2019.11.06"]
[SourceQuality "1"]
[WhiteTeam "Stockholm CC"]
[BlackTeam "Eksjo"]
[WhiteTeamCountry "SWE"]
[BlackTeamCountry "SWE"]

1. e4 c5 2. Nf3 d6 3. Bb5+ Nd7 4. d4 cxd4 5. Qxd4 a6 6. Bxd7+ Bxd7 7. Bg5 h6 8. Bh4 Nf6 9. Bxf6 gxf6 10. Nc3 Rg8 11. 0-0 Rc8 12. Kh1 Qa5 13. Nd5 Qc5 14. Qd2 Qxc2 15. Qe3 f5 16. Rfe1 Qc5 17. Nd4 f4 18. Qd2 Bc6 19. Rac1 Qa7 20. Nf5 f3 21. Nxd6+ exd6 22. Nf6+ Kd8 23. Nxg8 fxg2+ 24. Kg1 Kc7 25. Nxh6 Bxh6 26. Qxh6 Rd8 27. Qf4 Qd4 28. Qxf7+ Kb8 29. b3 Rh8 30. Qf4 Ka8 31. Rcd1 Qb2 32. Rd2 Qc3 33. Qxd6 Qf3 34. Qg3 Bxe4 35. Qe5 Qh5 36. Qxh5 1-0

[Event "SWE-chT 1718 Elite"]
[Site "Sweden"]
[Date "2018.03.18"]
[Round "9.3"]
[White "Thornert, Hakan"]
[Black "Glimbrant, Torbjorn"]
[Result "1-0"]
[WhiteElo "2231"]
[BlackElo "2268"]
[PlyCount "79"]
[EventDate "2017.10.20"]
[EventType "team-tourn"]
[EventRounds "9"]
[EventCountry "SWE"]
[SourceTitle "EXT 2019"]
[Source "ChessBase"]
[SourceDate "2018.10.10"]
[SourceVersion "1"]
[SourceVersionDate "2018.10.10"]
[SourceQuality "1"]
[WhiteTeam "Eksjo"]
[BlackTeam "Kungstornet"]
[WhiteTeamCountry "SWE"]
[BlackTeamCountry "SWE"]

1. e4 c5 2. Nc3 Nc6 3. Nf3 e6 4. d4 cxd4 5. Nxd4 d6 6. Be3 Nf6 7. Bc4 Be7 8. Qe2 a6 9. 0-0-0 Qc7 10. Bb3 Na5 11. g4 b5 12. g5 Nxb3+ 13. axb3 Nd7 14. f4 b4 15. Na4 Bb7 16. Bd2 Nc5 17. Bxb4 Nxe4 18. Kb1 0-0 19. Rhf1 g6 20. Rg1 Rfe8 21. Nf3 a5 22. Ba3 Rec8 23. h4 Nc5 24. Bxc5 dxc5 25. Ne5 Bc6 26. h5 Rd8 27. Rde1 Bd6 28. hxg6 hxg6 29. Qh2 Bxe5 30. fxe5 Rd4 31. Rh1 Kf8 32. Qh8+ Ke7 33. Qf6+ Kd7 34. Nxc5+ Kc8 35. Rh8+ Rd8 36. Rxd8+ Qxd8 37. Qxf7 Kb8 38. Qxg6 Ra7 39. Qxe6 Bd5 40. Qf6 1-0

[Event "SWE-chT 1213"]
[Site "Sweden"]
[Date "2013.02.01"]
[Round "6"]
[White "Hedman, Erik"]
[Black "Thornert, Hakan"]
[Result "1-0"]
[WhiteElo "2373"]
[BlackElo "2221"]
[PlyCount "97"]
[EventDate "2012.10.05"]
[EventType "team-tourn"]
[EventRounds "9"]
[EventCountry "SWE"]
[SourceTitle "EXT 2014"]
[Source "ChessBase"]
[SourceDate "2013.11.20"]
[SourceVersion "1"]
[SourceVersionDate "2013.11.20"]
[SourceQuality "1"]
[WhiteTeam "Stockholm Rockaden"]
[BlackTeam "Eksjo"]
[WhiteTeamCountry "SWE"]
[BlackTeamCountry "SWE"]

1. e4 c5 2. Nf3 d6 3. d4 cxd4 4. Nxd4 Nf6 5. Nc3 g6 6. Bg5 Bg7 7. Bb5+ Bd7 8. Qe2 Nc6 9. 0-0-0 0-0 10. Bxc6 bxc6 11. e5 dxe5 12. Nxc6 Bxc6 13. Rxd8 Rfxd8 14. f3 Rdc8 15. Rd1 Rab8 16. Be3 Rb7 17. Qa6 e4 18. fxe4 h5 19. Qc4 Ng4 20. Bg1 Rbc7 21. h3 Bb7 22. Rd8+ Kh7 23. Rxc8 Rxc4 24. Rxc4 Ne5 25. Rc7 Ba6 26. Rxe7 Bf1 27. Bd4 f6 28. Nd5 Kg8 29. Bxe5 fxe5 30. Rxg7+ Kxg7 31. Ne3 Bb5 32. h4 g5 33. g3 gxh4 34. gxh4 Bc6 35. Nd5 Kf7 36. Kd2 Ke6 37. c4 Bb7 38. Kd3 Bc6 39. b4 Bb7 40. a4 Bc6 41. a5 Bb7 42. a6 Bc6 43. b5 Bd7 44. b6 axb6 45. a7 Bc6 46. Nxb6 Kd6 47. a8Q Bxa8 48. Nxa8 Kc6 49. Kc3 1-0

[Event "SWE-chT 1011"]
[Site "Sweden"]
[Date "2011.03.12"]
[Round "10"]
[White "Thornert, Hakan"]
[Black "Bator, Robert"]
[Result "1/2-1/2"]
[WhiteElo "2216"]
[BlackElo "2413"]
[PlyCount "132"]
[EventDate "2010.10.08"]
[EventType "team-tourn"]
[EventRounds "11"]
[EventCountry "SWE"]
[SourceTitle "EXT 2012"]
[Source "ChessBase"]
[SourceDate "2011.11.24"]
[SourceVersion "1"]
[SourceVersionDate "2011.11.24"]
[SourceQuality "1"]
[WhiteTeam "Eksjo"]
[BlackTeam "Stockholm Rockaden"]
[WhiteTeamCountry "SWE"]
[BlackTeamCountry "SWE"]

1. e4 Nf6 2. e5 Nd5 3. d4 d6 4. Nf3 dxe5 5. Nxe5 c6 6. Bd3 Nd7 7. 0-0 Nxe5 8. dxe5 Nb4 9. Be4 Qxd1 10. Rxd1 g6 11. c3 Na6 12. Be3 Bg7 13. f4 g5 14. g3 gxf4 15. gxf4 Nc7 16. Kf2 f6 17. Rg1 Kf7 18. Nd2 fxe5 19. fxe5 Bxe5 20. Nf3 Bf6 21. Ng5+ Ke8 22. Nxh7 Bh4+ 23. Ke2 Be6 24. Bd4 Bc4+ 25. Kf3 Rg8 26. Rxg8+ Bxg8 27. Kg4 Bxh7 28. Bxh7 Bf6 29. Bg6+ Kf8 30. Bxf6 exf6 31. Rd1 Nd5 32. Rd3 Kg7 33. Be4 Re8 34. Bxd5 cxd5 35. Rxd5 Re2 36. Rd7+ Kg6 37. Rxb7 Rxh2 38. a4 a5 39. Rb5 Rg2+ 40. Kf4 Rh2 41. b4 axb4 42. cxb4 Rf2+ 43. Ke3 Ra2 44. a5 f5 45. Rb6+ Kg5 46. Rb8 f4+ 47. Kd4 f3 48. Rf8 Kg4 49. Kc5 Kg3 50. Kb6 Ra4 51. Kb5 Ra1 52. Kb6 Ra4 53. Kb5 Ra1 54. a6 f2 55. Kb6 Ra4 56. b5 Rf4 57. Rxf4 Kxf4 58. a7 f1Q 59. a8Q Qg1+ 60. Ka6 Qa1+ 61. Kb7 Qh1+ 62. Kb8 Qh8+ 63. Ka7 Qa1+ 64. Kb7 Qh1+ 65. Kb8 Qh8+ 66. Ka7 Qa1+ 1/2-1/2

[Event "SWE-chT 0910"]
[Site "Sweden"]
[Date "2010.02.27"]
[Round "8"]
[White "Thornert, Hakan"]
[Black "Akbarinia, Sayed Arash"]
[Result "1-0"]
[WhiteElo "2193"]
[BlackElo "2340"]
[PlyCount "71"]
[EventDate "2009.10.16"]
[EventType "team"]
[EventRounds "11"]
[EventCountry "SWE"]
[SourceTitle "EXT 2011"]
[Source "ChessBase"]
[SourceDate "2010.11.26"]
[SourceVersion "1"]
[SourceVersionDate "2010.11.26"]
[SourceQuality "1"]
[WhiteTeam "Eksjo"]
[BlackTeam "Kamraterna"]
[WhiteTeamCountry "SWE"]
[BlackTeamCountry "SWE"]

1. e4 d5 2. exd5 Qxd5 3. Nc3 Qd6 4. d4 Nf6 5. Bd3 a6 6. Nge2 b5 7. Ne4 Qb6 8. a4 Bb7 9. Nxf6+ gxf6 10. 0-0 e6 11. Be3 c5 12. axb5 axb5 13. Rxa8 Bxa8 14. Nc3 c4 15. Be4 Bxe4 16. Nxe4 Qd8 17. Qh5 f5 18. Ng5 Qf6 19. Bf4 Nc6 20. Re1 Kd7 21. Nxf7 Rg8 22. Ne5+ Nxe5 23. Bxe5 Qg5 24. Qf3 Be7 25. g3 Rd8 26. Qb7+ Ke8 27. Qxb5+ Kf7 28. Qxc4 h5 29. Qe2 Qg6 30. c3 h4 31. b4 Rc8 32. Qf3 h3 33. b5 Qg8 34. b6 Rxc3 35. Qxc3 Qa8 36. Kf1 1-0

[Event "SWE-chT2 0809"]
[Site "Sweden"]
[Date "2009.03.15"]
[Round "9"]
[White "Nygren, David"]
[Black "Thornert, Hakan"]
[Result "1/2-1/2"]
[WhiteElo "2245"]
[BlackElo "2206"]
[PlyCount "49"]
[EventDate "2008.10.25"]
[EventType "team-tourn"]
[EventRounds "9"]
[EventCountry "SWE"]
[SourceTitle "EXT 2011"]
[Source "ChessBase"]
[SourceDate "2010.11.26"]
[SourceVersion "1"]
[SourceVersionDate "2010.11.26"]
[SourceQuality "1"]

1. e4 c5 2. c3 Nf6 3. e5 Nd5 4. d4 cxd4 5. Nf3 Nc6 6. Bc4 Nb6 7. Bb3 d5 8. exd6 Qxd6 9. 0-0 h6 10. Nxd4 Nxd4 11. cxd4 Be6 12. Bxe6 Qxe6 13. Nc3 Qd7 14. Bf4 e6 15. Be5 f6 16. Bg3 Bb4 17. Qh5+ Kf8 18. Rad1 Bxc3 19. bxc3 Qd5 20. Qg6 h5 21. Bf4 h4 22. h3 Rc8 23. Rc1 Rc6 24. Rfe1 Rh5 25. Rc2 1/2-1/2

[Event "SWE-chT2 0708"]
[Site "Sweden"]
[Date "2007.11.17"]
[Round "3"]
[White "Karlsson, Jorgen"]
[Black "Thornert, Hakan"]
[Result "1-0"]
[WhiteElo "2178"]
[BlackElo "2257"]
[PlyCount "163"]
[EventDate "2007.10.20"]
[EventType "team"]
[EventRounds "9"]
[EventCountry "SWE"]
[SourceTitle "EXT 2009"]
[Source "ChessBase"]
[SourceDate "2008.11.26"]
[SourceVersion "1"]
[SourceVersionDate "2008.11.26"]
[SourceQuality "1"]
[WhiteTeam "Vastervik"]
[BlackTeam "Eksjo"]
[WhiteTeamCountry "SWE"]
[BlackTeamCountry "SWE"]

1. Nf3 Nf6 2. c4 g6 3. g3 Bg7 4. Bg2 0-0 5. Nc3 d5 6. cxd5 Nxd5 7. 0-0 e5 8. Nxd5 Qxd5 9. d3 Nc6 10. Be3 Qd8 11. Rc1 Re8 12. Ng5 Nd4 13. h4 h6 14. Nf3 c6 15. Qd2 Bg4 16. Rfe1 Bxf3 17. exf3 Qf6 18. Bxd4 exd4 19. f4 h5 20. Qb4 Rxe1+ 21. Rxe1 Rb8 22. Qc5 Bf8 23. Qxa7 Qd6 24. Qb6 Qb4 25. Qxb4 Bxb4 26. Re4 Rd8 27. f5 Bf8 28. fxg6 fxg6 29. Re5 Kf7 30. Be4 Bg7 31. Ra5 Re8 32. f4 Bf6 33. Ra7 Re7 34. b4 Rc7 35. Kg2 Be7 36. a3 Bd6 37. Kf3 Kf6 38. Ra5 c5 39. Rb5 c4 40. dxc4 Rxc4 41. Bd3 Rc3 42. Ke4 Rxa3 43. Kxd4 Rb3 44. Kc4 Rb2 45. Kc3 Ra2 46. Rg5 Ra3+ 47. Kc4 Bxb4 48. Rxg6+ Kf7 49. Rg5 Be1 50. Rf5+ Kg7 51. Rxh5 Bf2 52. Rg5+ Kf6 53. h5 b5+ 54. Rxb5 Bxg3 55. Rb6+ Ke7 56. f5 Bh4 57. h6 Ra8 58. Kd5 Rd8+ 59. Ke4 Rd6 60. Rb7+ Rd7 61. Rb3 Bf6 62. Bc2 Rd4+ 63. Kf3 Bg5 64. h7 Bf6 65. Rb6 Rd6 66. Rb5 Rd7 67. Bb3 Rd3+ 68. Ke4 Rd4+ 69. Ke3 Rd8 70. Be6 Bh8 71. Bd5 Bf6 72. Ke4 Rd7 73. Rb1 Rd8 74. Rg1 Bh8 75. Rg6 Bf6 76. Bg8 Rd4+ 77. Ke3 Bh8 78. f6+ Bxf6 79. Rxf6 Rh4 80. Rf5 Rh3+ 81. Kf4 Rh2 82. Kg5 1-0

[Event "SWE-chT 0405"]
[Site "Sweden"]
[Date "2005.??.??"]
[Round "6"]
[White "Ahlander, Bjorn"]
[Black "Thornert, Hakan"]
[Result "1-0"]
[WhiteElo "2492"]
[BlackElo "2280"]
[PlyCount "157"]
[EventDate "2004.11.05"]
[EventType "team"]
[EventRounds "11"]
[EventCountry "SWE"]
[SourceTitle "EXT 2006"]
[Source "ChessBase"]
[SourceDate "2005.11.24"]
[SourceVersion "1"]
[SourceVersionDate "2005.11.24"]
[SourceQuality "1"]
[WhiteTeam "Limhamn"]
[BlackTeam "Eksjo"]
[WhiteTeamCountry "SWE"]
[BlackTeamCountry "SWE"]

1. d4 Nf6 2. c4 e6 3. Nc3 Bb4 4. e3 0-0 5. Bd3 d5 6. Nf3 c5 7. 0-0 dxc4 8. Bxc4 Nc6 9. a3 Bxc3 10. bxc3 Qc7 11. Bb2 e5 12. h3 e4 13. Nd2 Bf5 14. f4 exf3 15. Rxf3 Bg6 16. Ba2 Rad8 17. Qf1 Rfe8 18. Qf2 Na5 19. Re1 Rd7 20. c4 Rde7 21. Rxf6 gxf6 22. d5 Qd6 23. e4 Re5 24. Bb1 b6 25. Rf1 Kg7 26. Bd3 Nb7 27. Nf3 Qe7 28. Nh2 h5 29. Nf3 Nd6 30. Nxe5 fxe5 31. Qg3 f6 32. Qh4 Rh8 33. Rf3 Nf7 34. Rg3 Nd6 35. Bc1 Rh7 36. Be2 Kf7 37. Bd3 Ne8 38. Rf3 Kg7 39. Kh1 Qd7 40. Bc2 Qe7 41. Kg1 Nd6 42. Bd3 Qd8 43. Kh2 Qe7 44. Rf1 Rh8 45. Bd2 Qd8 46. Qg3 Qe8 47. Qf3 Qd8 48. Be1 Nf7 49. Bh4 Ng5 50. Qg3 Re8 51. Bc2 Qe7 52. Qe3 Rg8 53. Rf2 Kh7 54. Rf1 Rg7 55. Qd2 Rf7 56. d6 Qd7 57. Bxg5 fxg5 58. Rxf7+ Bxf7 59. Ba4 Qd8 60. d7 Bxc4 61. Bc6 g4 62. Qc3 Be6 63. Qxe5 Bxd7 64. Qd6 g3+ 65. Kg1 Qg5 66. Qxd7+ Kh8 67. Qd1 c4 68. Ba4 b5 69. Bc2 a5 70. Qd4+ Kg8 71. Qd5+ Qxd5 72. exd5 b4 73. axb4 axb4 74. Kf1 b3 75. Bd1 Kg7 76. Ke2 Kf6 77. Kd2 Ke5 78. Kc3 Kxd5 79. Bxh5 1-0

[Event "SWE-chT 0506"]
[Site "Sweden"]
[Date "2005.??.??"]
[Round "1"]
[White "Furhoff, Johan"]
[Black "Thornert, Hakan"]
[Result "1-0"]
[WhiteElo "2401"]
[BlackElo "2303"]
[PlyCount "125"]
[EventDate "2005.10.??"]
[EventType "team"]
[EventRounds "11"]
[EventCountry "SWE"]
[SourceTitle "EXT 2008"]
[Source "ChessBase"]
[SourceDate "2007.11.25"]
[SourceVersion "1"]
[SourceVersionDate "2007.11.25"]
[SourceQuality "1"]
[WhiteTeam "Sodra"]
[BlackTeam "Eksjo"]
[WhiteTeamCountry "SWE"]
[BlackTeamCountry "SWE"]

1. e4 c5 2. Nf3 d6 3. d4 cxd4 4. Nxd4 Nf6 5. Nc3 g6 6. Be3 Bg7 7. f3 Nc6 8. Bc4 0-0 9. Qd2 Bd7 10. h4 Rc8 11. Bb3 h5 12. 0-0-0 Ne5 13. Bg5 Rc5 14. g4 hxg4 15. f4 Nc4 16. Qd3 b5 17. e5 dxe5 18. Ndxb5 Qb8 19. Bxc4 Bf5 20. Qe2 exf4 21. Bb3 Nh5 22. Qxe7 Rxb5 23. Bxf7+ Kh7 24. Nxb5 Qxb5 25. Bb3 Rc8 26. Rd8 Rxc2+ 27. Kd1 Rc4 28. Qf7 Rc1+ 29. Kxc1 Qc6+ 30. Bc4 Qxh1+ 31. Rd1 Qa8 32. Bd8 Kh6 33. Qg8 Nf6 34. Bxf6 Qxg8 35. Bg5+ Kh7 36. Bxg8+ Kxg8 37. Bxf4 Bf6 38. Bg3 Be7 39. Rd5 a6 40. b3 Kf7 41. Kd2 Ke6 42. Re5+ Kf6 43. Ke3 Kf7 44. Ra5 Bc8 45. a3 Ke6 46. b4 Bd8 47. Re5+ Kf6 48. Rd5 Bb6+ 49. Kd2 Bg1 50. Rd8 Bb7 51. Rd7 Bg2 52. Rd6+ Kf5 53. Rxa6 Ke4 54. Rxg6 Be3+ 55. Kc3 Bd4+ 56. Kb3 Kf3 57. Bd6 Bf1 58. h5 Bd3 59. a4 Bxg6 60. hxg6 Ke4 61. Kc4 Bg7 62. a5 Kf5 63. a6 1-0

[Event "SWE-chT 0405"]
[Site "Sweden"]
[Date "2005.??.??"]
[Round "11"]
[White "Thornert, Hakan"]
[Black "Johansson, Carl Fredrik"]
[Result "1-0"]
[WhiteElo "2280"]
[BlackElo "2203"]
[PlyCount "99"]
[EventDate "2004.11.05"]
[EventType "team"]
[EventRounds "11"]
[EventCountry "SWE"]
[SourceTitle "EXT 2006"]
[Source "ChessBase"]
[SourceDate "2005.11.24"]
[SourceVersion "1"]
[SourceVersionDate "2005.11.24"]
[SourceQuality "1"]
[WhiteTeam "Eksjo"]
[BlackTeam "Passanten"]
[WhiteTeamCountry "SWE"]
[BlackTeamCountry "SWE"]

1. e4 c5 2. Nc3 Nc6 3. Nf3 g6 4. d4 cxd4 5. Nxd4 Bg7 6. Be3 Nf6 7. Bc4 0-0 8. Bb3 d6 9. f3 Bd7 10. g4 Qa5 11. Qd2 Rfc8 12. 0-0-0 Ne5 13. h4 Rc4 14. Nce2 Qa6 15. h5 Bxg4 16. hxg6 hxg6 17. fxg4 Nxe4 18. Qe1 Nxg4 19. Qg1 Nxe3 20. Qxe3 d5 21. Kb1 Rc5 22. Rh4 Qf6 23. Rdh1 e5 24. Bxd5 Rxd5 25. Qxe4 Rxd4 26. Nxd4 exd4 27. Qxb7 Re8 28. Re4 Rf8 29. Rhe1 a6 30. a3 Qf2 31. R1e2 Qf6 32. Re7 Bh6 33. Re8 Be3 34. Rxf8+ Kxf8 35. Qh1 g5 36. Rh2 Qb6 37. Rh6 Qc7 38. Rxa6 g4 39. Ra8+ Kg7 40. Qh8+ Kg6 41. Rg8+ Kf5 42. Qh5+ Ke6 43. Qxg4+ f5 44. Qg6+ Ke5 45. Qg3+ Bf4 46. Re8+ Kf6 47. Qg8 Qc6 48. Qh8+ Kf7 49. Rf8+ Ke7 50. Qg7+ 1-0